Sociological research methods in contex (Record no. 607569)

MARC details
000 -LEADER
fixed length control field 00587nam a22002057a 4500
008 - FIXED-LENGTH DATA ELEMENTS--GENERAL INFORMATION
fixed length control field 260108b |||||||| |||| 00| 0 eng d
020 ## - INTERNATIONAL STANDARD BOOK NUMBER
ISBN 9780333666319
Paper back/Hardbound HBK
082 ## - DEWEY DECIMAL CLASSIFICATION NUMBER
Classification number 301.072
Item number DEV
100 ## - MAIN ENTRY--AUTHOR NAME
Personal name Devine, Fiona
245 ## - TITLE STATEMENT
Title Sociological research methods in contex
Statement of responsibility, etc Fiona Devine and Sue Heath
260 ## - PUBLICATION, DISTRIBUTION, ETC. (IMPRINT)
Place of publication England
Name of publisher Macmillan
Year of publication 1999
300 ## - PHYSICAL DESCRIPTION
Number of Pages 228 p.
Dimensions 22 cm.
504 ## - BIBLIOGRAPHY, ETC. NOTE
Bibliography, etc Includes bibliographies and index
650 ## - SUBJECT ADDED ENTRY--TOPICAL TERM
Topical Term Social research & statistics
Topical Term Sociology Methodology
Topical Term Sociology Research
700 ## - ADDED ENTRY--PERSONAL NAME
Personal name Heath. Sue
942 ## - ADDED ENTRY ELEMENTS (KOHA)
Koha item type English Books
Holdings
Withdrawn status Lost status Damaged status Not for loan Home library Current library Shelving location Date acquired Full call number Accession Number Price effective from Koha item type
        Anna Centenary Library Anna Centenary Library 3RD FLOOR, B WING 12.10.2010 301.072 DEV 321735 08.01.2026 English Books

Find us on the map